MARC

Tag First Indicator Second Indicator Subfields
LEADER 00000pam a2200000 i 4500
001 in00000683035
005 20151015161031.0
008 800306s1980 nyu b 00110 eng
010 |a  80012539  
020 |a 0030525616 :  |c $19.95 
020 |a 0030525667 (pbk.) :  |c $7.95 
035 |a (OCoLC)06143477 
035 |9 ACZ3415AM 
040 |a DLC  |c DLC  |d TXA  |d UtOrBLW 
043 |a n-us--- 
049 |a TXAM  |c [983401] 
050 0 0 |a HV6791  |b .F44 
082 0 |a 364/.088042 
100 1 |a Feinman, Clarice. 
245 1 0 |a Women in the criminal justice system /  |c Clarice Feinman. 
264 1 |a New York :  |b Praeger,  |c 1980. 
300 |a x, 121 pages ;  |c 25 cm. 
336 |a text  |b txt  |2 rdacontent 
337 |a unmediated  |b n  |2 rdamedia 
338 |a volume  |b nc  |2 rdacarrier 
490 0 |a Praeger special studies. Praeger scientific 
504 |a Includes bibliographical references and index. 
650 0 |a Women correctional personnel  |z United States. 
650 0 |a Women prisoners  |z United States. 
650 0 |a Female offenders  |z United States. 
650 0 |a Women lawyers  |z United States. 
650 0 |a Sex discrimination against women  |z United States. 
650 0 |a Sex role. 
999 |a MARS 
999 f f |s 1f1270bd-52d6-3307-a6f1-fba03729adcb  |i ae3c9296-2425-3f89-9388-d9685b67be0a  |t 0 
952 f f |p ric  |a Texas A&M University  |b Rellis Campus  |c Joint Library Facility  |d Remote Storage  |t 0  |e HV6791 .F44  |h Library of Congress classification  |i unmediated -- volume  |m A14803037574 
998 f f |a HV6791 .F44  |t 0  |l Remote Storage